000 00935cam a22002054a 4500
005 20250605164104.0
008 250528s ||||||||||||||||||||||||d
035 _a17687
020 _a9780674057272
040 _aGR-AtMCL
_bgre
_dGR-AtMCL
_eAACR2
245 1 _aAddiction / A Disorder of Choice
250 _a1st
260 _bHarvard University Press,
_c2010
300 _a204
520 _aThis book makes a powerful case that addiction is voluntary, drawing on psychiatric epidemiology, addicts' autobiographies, treatment studies, and advances in behavioral economics. Preface, Responses to Addiction, The First Drug Epidemic, Addiction in the First Person, Once an Addict - Always an Addict?, Voluntary Behavior and Disease and Addiction, Addiction and Choice, Voluntary Behavior: An Engine for Change, Notes, References, Index.
700 1 _aHeyman Gene M
_93861
942 _cBK
999 _c3089
_d3089